• 首页
  • 本馆介绍
  • 公告通知
  • 最新文献
  • 馆藏检索
  • 电子资源
  • 读者导购
  • 参考咨询
  • 我的图书馆
  • 登录
  • 详细信息显示
  • 放入我的书架
  • 预约/预借图书
  • 作者相关作品
  • 分类相关作品
  • 丛书相关作品
  • 出版社相关作品

书目信息

  • 表格格式
  • 工作单格式
  • 卡片格式
题名:
工业与民用建筑工程地质勘察
    
 
作者: ;陕西省综合勘察院《工业与民用建筑工程地质勘察》编写组 编
分册:  
出版信息: 北京   中国建筑工业出版社  1981
页数: 474页
开本: 19cm
丛书名: 建筑勘察基本知识丛书
单 册:
中图分类: TU19
科图分类:
主题词: 建筑工程--地质勘探 , 建筑--观测 , 建筑测量
电子资源:
ISBN:
000 00987nam2 2200289 45
001 0181004725
005 20040514102614.6
010    @dCNY1.20
091    @a15040.3813
100    @a19950302d1981 em y0chiy0121 ea
101 0  @achi
102    @aCN@b110000
105    @ay z 000yy
106    @ar
200 10 @a工业与民用建筑工程地质勘察@Agong ye yu min yong jian zhu gong cheng di zhi kan cha@f陕西省综合勘察院《工业与民用建筑工程地质勘察》编写组编
210    @a北京@c中国建筑工业出版社@d1981
215    @a474页@d19cm
225 2  @a建筑勘察基本知识丛书
410  0 @120010@a建筑勘察基本知识丛书
606 0  @a建筑工程@x地质勘探
606 0  @a建筑@x观测
606 0  @a建筑测量
690    @aTU19
711 02 @a陕西省综合勘察院《工业与民用建筑工程地质勘察》编写组@Ashan xi sheng zong he kan cha yuan《 gong yeyu min yong jian zhu gong cheng di zhi kan cha》 bian xie zu@4编
801  0 @aCN@b上海图书馆@c20040514
801  2 @aCN@bNLC@c20040514
905    @f1@b126291@dTU19@e102
    
    工业与民用建筑工程地质勘察/陕西省综合勘察院《工业与民用建筑工程地质勘察》编写组编.-北京:中国建筑工业出版社,1981
    474页;19cm.-(建筑勘察基本知识丛书)
    
    
    ISBN :CNY1.20
    
●
相关链接 在E读中查询图书 在五车中查询图书 在当当中查询图书 在豆瓣中查询图书


正题名:工业与民用建筑工程地质勘察     索取号:TU19/102         预约/预借

序号 登录号 条形码 馆藏地/架位号 状态 备注
1 0126291   001484977   第三借阅区/ [索取号:TU19/102] 在馆    
2 0126293   001485048   第二样本阅览室/ [索取号:TU19/102] 在馆    
唐山师范学院图书馆 欢迎您!
大连网信软件有限公司© 版权所有